zpět

Detail výsledku týmu

Pivní restaurace, Kadaň

Datum a čas kvízu

33 Celkem bodů Celkový počet nahraných bodů na tomto kvízu bez doplňovacích otázek.
3. Pořadí na kvízu Konečné umístění týmu na tomto kvízu.

Zaznamenané odpovědi

# Otázka Odpověď Body Výsledky
1. Která politická strana v kampa... SOCDEM (uznáváme i starší název ČSSD) 0
2. V okolí londýnské stanice metr... Burberry 0
3. Českých sci-fi filmů nebývá ka... Bod obnovy 0
4. V pondělí byla slavnostně zahá... v Brně 1
5. Který český prvoligový fotbalo... Viktoria Plzeň 0
6. Pes jménem Argos je známý z an... Odysseovi 1
7. Salvador Dalí coby extravagant... o mravenečníka 1
8. Dokážete přiřadit následující... 1B 2C 3D 4A 1
9. Jak se jmenuje kočka na obrázk... Micka 1
10. Astronom konce 16. století cho... Tycho Brahe 0